Đặc tính đo liều của vật liệu nhiệt phát quang Li2B4O7: Cu /
Saved in:
| Main Author: | |
|---|---|
| Other Authors: | , , , |
| Format: | Article |
| Language: | Vietnamese |
| Tags: |
Add Tag
No Tags, Be the first to tag this record!
|
| Institutions: | Thư viện Trường Đại học Đà Lạt |
|---|
| LEADER | 00933nam a2200277 4500 | ||
|---|---|---|---|
| 001 | DLU120142100 | ||
| 005 | ##20121008 | ||
| 040 | # | # | |a DLU |b vie |
| 041 | # | # | |a vie |
| 044 | # | # | |a vn |
| 100 | # | # | |a . |
| 245 | # | # | |a Đặc tính đo liều của vật liệu nhiệt phát quang Li2B4O7: Cu / |c Ngô QuangThành, ...[và những người khác]. |
| 700 | # | # | |a Ngô Quang Thành. |
| 700 | # | # | |a Nguyễn Thế Khôi. |
| 700 | # | # | |a Vũ Phi Tuyến. |
| 700 | # | # | |a Vũ Xuân Quang. |
| 773 | # | # | |t Tuyển tập các báo cáo hội nghị vật lý toàn quốc lần thứ VI tập I: vật lý lý thuyết, quang học quang phổ |g 2006, tr. 165-168 |
| 920 | # | # | |a Phòng Tạp chí -- Trung tâm Thông tin - Thư viện Trường Đại học Đà Lạt |
| 994 | # | # | |a DLU |
| 900 | # | # | |a True |
| 911 | # | # | |a Trương Thị Mỹ Lệ |
| 925 | # | # | |a G |
| 926 | # | # | |a A |
| 927 | # | # | |a BB |
| 980 | # | # | |a Thư viện Trường Đại học Đà Lạt |